000 01226nam a2200301 a 4500
005 20240305165348.0
008 110504s2011 sp 000 0 spa c
017 _aD.L.M. 1305-2011
020 _a9788499820712
020 _a8499820719
035 _a5862
040 _dvLex
090 _c2632
_d2632
100 1 _aStarck, Christian
245 1 0 _aJurisdicción constitucional y derechos fundamentales
_h[Recurso electróncio] /
_cChristian Starck
256 _aServicio en línea.
260 _aMadrid :
_bDykinson,
_c[2011]
300 _a1 recurso electrónico
506 1 _aContenido solo disponible en los productos indicados
_dvLex Global
_dvLex Global (Academic Edition, excluding Law Schools)
_dvLex Global (U.S. Academic Edition, Law Schools)
_dvLex Global (U.S. Academic Edition, excluding Law Schools)
_dvLex Global (Academic Edition, Law Schools)
650 0 4 _aConstitucionalidad de las leyes
650 0 4 _aTribunales constitucionales
650 0 4 _aDerechos fundamentales
650 0 4 _aDignidad
740 0 _avLex Libros (Servicio en línea)
830 0 _aDykinson-constitucional
856 4 0 _uhttps://app.vlex.com/#/sources/jurisdiccion-constitucional-derechos-fundamentales-5862
942 _cRAA
999 _c161052
_d161052